Top 50 des personnages de My hero Academia les plus populaires - Statistiques

Statistiques générales
  • Ce quiz a été pris 72 fois
  • Le résultat moyen est 31 sur 50
Statistiques - réponses
Place Votes Personnages % Correct
15 2 499 All Might
100%
3 13 478 Shoto Todoroki
100%
1 23 312 Katsuki Bakugo
98%
2 18 488 Izuku Midoriya
96%
6 4 973 Endeavor
94%
12 2 767 Denki Kaminari
92%
4 6 848 Crematorium
90%
7 4 827 Eijiro Kirishima
90%
9 3 315 Ochaco Uraraka
90%
17 2 235 Tomura Shigaraki
90%
27 587 Tsuyu Asui
88%
48 131 Dynamy
86%
5 5 755 Hawks
86%
16 2 263 Himiko Toga
86%
13 2 745 Shota Aizawa
86%
24 801 Momo Yaoyorozu
84%
18 2 106 All For One
82%
42 189 Mina Ashido
82%
19 1 879 Kyoka Jiro
80%
8 3 420 Tenya Iida
78%
47 135 Twice
78%
34 377 Minoru Mineta
73%
29 561 Toru Hagakure
73%
31 466 Mirio Togata
71%
22 1 121 Present Mic
71%
30 517 Tamaki Amajiki
69%
23 912 Fumikage Tokoyami
67%
20 1 613 Hanta Sero
65%
11 3 204 Neito Monoma
65%
39 230 Best Jeanist
63%
10 3 279 Mezo Shoji
61%
25 723 Mirko
61%
37 268 Nejire Hado
59%
14 2 720 Hitoshi Shinso
49%
32 418 Overhaul
49%
45 163 Mashirao Ojiro
45%
43 185 Stain
45%
38 235 Mister Compress
41%
50 124 Shin Nemoto
39%
26 721 Yo Shindo
35%
41 195 Lady Nagant
24%
49 127 Le Gentleman Criminel
24%
21 1 268 Rody Soul
14%
35 328 Seiji Shishikura
14%
46 157 Kohei Horikoshi
10%
40 217 Ishikikon Datchan
8%
28 566 Chronostasis
6%
44 167 Apocryphe
4%
33 403 La femme hétéromorphe rescapée de la ligue de libération (heteromorphe)
4%
36 294 Mustard
4%
Aucun quiz correspondant
Distribution des résultats
% des personnes avec chaque résultat
Percentile par nombre de réponses
Votre historique - résultats
Vous n’avez pas pris ce quiz